000 00735nam a2200229 4500
999 _c2776
_d2776
003 OSt
005 20210721063114.0
008 210721b ||||| |||| 00| 0 eng d
020 _a9781269771726
040 _cALUPE UNIVERSITY
050 _aQH1453
_b.W65 2015
110 _aWomen's Studies 1020E, 2014-2015
245 _aReading women's lives
260 _aBoston, Mass. :
_bPearson Custom Publishing,
_c©2015.
300 _aiv, 258 p. ;
_c22 cm
650 _aWomen's studies.
650 _aWomen.
650 _aFeminism.
710 _aOhio State University. Department of Women's Studies.
710 _a University of Western Ontario. Department of Women's Studies and Feminist Research.
942 _2lcc
_cBK
_nSO